MLB 40+ Home Runs since 2019 - Statistics

General Stats
  • This quiz has been taken 67 times
  • The average score is 26 of 29
Answer Stats
Year Team HR Answer % Correct
2024 NYY 58 Aaron Judge
100%
2022 NYY 62 Aaron Judge
100%
2023 NYM 46 Pete Alonso
100%
2022 NYM 40 Pete Alonso
100%
2019 NYM 53 Pete Alonso
100%
2024 LAD 54 Shohei Ohtani
100%
2023 LAA 44 Shohei Ohtani
100%
2021 LAA 46 Shohei Ohtani
100%
2022 LAA 40 Mike Trout
97%
2019 LAA 45 Mike Trout
97%
2023 ATL 41 Ronald Acuna Jr.
97%
2019 ATL 41 Ronald Acuna Jr.
97%
2023 PHI 47 Kyle Schwarber
95%
2022 PHI 46 Kyle Schwarber
95%
2023 ATL 54 Matt Olson
95%
2021 TOR 48 Vladimir Guerrero Jr.
95%
2021 KC 48 Salvador Perez
93%
2019 MIL 44 Christian Yelich
90%
2021 SD 42 Fernando Tatis Jr.
90%
2024 NYY 41 Juan Soto
90%
2019 LAD 47 Cody Bellinger
79%
2019 HOU 41 Alex Bregman
78%
2019 COL 41 Nolan Arenado
78%
2024 BAL 44 Anthony Santander
74%
2019 CIN 49 Eugenio Suarez
74%
2023 ATL 40 Marcell Ozuna
74%
2021 TOR 45 Marcus Semien
69%
2019 MIN 41 Nelson Cruz
64%
2019 KC 48 Jorge Soler
60%
No matching quizzes found
Score Distribution
Percent of People with Each Score
Percentile by Number Answered
Your Score History
You have not taken this quiz